000 00969nam a22002777a 4500
001 BR7300372
003 BR-BrBNA
005 20230928083838.0
007 ta
008 230509b bl.||||| |||| 00| 0 por d
040 _aBR-BrBNA
_bpor
_cBiblioteca Nacional de Agricultura
041 _a(Eng)
072 _aF30; K00
_b3140
_b/G176
090 _ 3140 BR7300372
100 1 _aBarnes, R.D.
110 1 _aRhodesia Forestry Commission, Salisbrury (England)
_0Thesis (Doctor of Philosophy)
245 1 _aThe genetic improvement of Pinus patula Schiede Deppe in Rhodesia [Melhoramento genetico vegetal; Rodesia]
260 3 _aLondres (England):
_c1973.
300 _a322 p.
500 _aSummary (Eng). (*) Documento disponível na(o) Instituto de Pesquisas e Estudos Florestais, Piracicaba, SP (Brazil)
650 _aMelhoramento genetico vegetal
650 _aProducao florestal
650 _aPinheiro
909 _a202309
_bLucia
_c55
_dLucia Elande
942 _cBK
999 _c15492
_d15492